000 00326nam a22001337a 4500
008 181102b xxu||||| |||| 00| 0 eng d
020 _a9780314143983
041 _aeng
080 _25 TH
_a341
100 _a15
101 _aJUR
245 _aImmigration And Citizennship ProcessAnd Policy
_cMartin.D.A
942 _2udc
_cBK
999 _c51716
_d51716